000 00741nam a2200229 a 4500
001 BRL_1947
005 20190320211440.0
008 010915s1953----gw-#######---#000-0#eng-#
041 _ager
044 _agw
050 4 _aQK5
_b.S3 1953
100 1 _aSchuhmacher, Hermann
_924484
245 1 0 _aBilder Atlas der Sommer- und Herbstblumen
_b162 farbige Abbildungen nach der Natur auf 40 Tafeln Zum raschen Bestimmen nach Farben und Standorten geordnet
_cH. Schuhmacher.
260 _aRavensburg
_bOtto Maier
_c[1953]
300 _a31 p.
_c19 cm.
500 _aAu668
500 _aLa biblioteca no cuenta con todo el material complementario.
650 1 4 _aBotánica
_915603
650 1 4 _aPlantas
_916368
902 _aGRL
942 _2lcc
_cB
999 _c10754
_d10754